000 00819nam a2200277Ia 4500
003 OSt
005 20220927105350.0
006 a|||||r|||| 00| 0
007 ta
008 220926b |||||||| |||| 00| 0 eng d
020 _a9789004164024
024 _a168275
037 _cReference Collections
040 _aRTL
_cRTL
_beng
041 _2eng
_aeng
082 _a"Sigma, P8/RR"
100 _aSASAKI Masamichi Ed.
_9371988
245 0 _aElites
_b New comparative perspectives
260 _aLeiden
_bBrill
_c2008
300 _a222p
_ccm.
490 _a"International Studies in Sociology and Social Anthroplogy, Vol.107"
500 _aBibliography : chapterwise
650 _aSociology
942 _h"Sigma, P8/RR"
_cCC
999 _c692133
_d692133